Bilecik Bilecik Bilecik Bilecik Bilecik

397 numaralı Haleb Livası mufassal tahrir defteri (943/1536) I/ (Record no. 22985)

MARC details
000 -BAŞLIK
Sabit Uzunluktaki Kontrol Alanı 01196nam a22003137a 4500
001 - KONTROL NUMARASI
Control Dosyası 0023030
003 - KONTROL NUMARASI KİMLİĞİ
Kontrol Alanı KOHA_MİRAKIL
005 - EN SON İŞLEM TARİHİ ve ZAMANI
Kontrol Alanı 20260207002401.0
007 - FİZİKSEL TANIM SABİT ALAN - GENEL BİLGİ
Sabit uzunluklu kontrol alanı ta
008 - SABİT UZUNLUKTAKİ VERİ ÖGELERİ - GENEL BİLGİ
Sabit Alan 130219b2010 tu |||gr||||#||||0|tur |
020 ## - ISBN - ULUSLARARASI STANDART KİTAP NUMARASI
Isbn 9789751948113
Nitelik bilgileri Tk. 9789751948120
-- c.1
-- 9789751948137
-- c.2
040 ## - KATALOGLAMA KAYNAĞI
Özgün Kataloglama Kurumu TR-BiSEU
Kataloglama Dili tur
Çeviri Kurumu TR-BiSEU
Açıklama Kuralları rda
041 0# - DİL KODU
Metin ya da ses kaydının dil kodu tur
044 ## - YAYINLAYAN/ÜRETEN KURULUŞUN ÜLKE KODU
ISO country code tu
050 ## - SINIFLAMA ve YER NUMARASI
Sınıflama Numarası HD848.Z9
Yer Numarası U2 2010
245 1# - ESER ADI BİLDİRİMİ
Başlık 397 numaralı Haleb Livası mufassal tahrir defteri (943/1536) I/
Sorumluluk Bildirimi editör Ahmet Özkılınç, Ali çoşkun...(ve bşk.).
264 #1 - ÜRERİM, YAYIN, DAĞITIM ve TELİF BİLDİRİMİ
Yayın yeri Ankara :
Yayınlayan Başbakanlık Devlet Arşivleri Genel Müdürlüğü Osmanlı Arşiv Dairesi Başkanlığı
Yayın tarihi 2010
300 ## - FİZİKSEL TANIMLAMA
Sayfa, Cilt vb. 2 c., 520 sayfa; 33 cm.
336 ## - İÇERİK TÜRÜ
Content type term metin
Content type code txt
Source rdacontent
337 ## - MEDYA TÜRÜ
Media type term aracısız
Media type code n
Source rdamedia
338 ## - TAŞIYICI TÜRÜ
Carrier type term cilt
Carrier type code nc
Source rdacarrier
490 1# - DİZİ BİLDİRİMİ
Dizi Bildirimi Osmanlı Arşiv Dairesi Başkanlığı Yayın No ;109.
490 1# - DİZİ BİLDİRİMİ
Dizi Bildirimi Defter-i Hakani Dizisi ;
Cilt Numarası XVI.
650 #0 - KONU BAŞLIĞI EK GİRİŞ - KONU TERİMİ
Konusal terim veya coğrafi ad Haleb-- Archaives-- history-- sources.
9 (RLIN) 47829
650 #0 - KONU BAŞLIĞI EK GİRİŞ - KONU TERİMİ
Konusal terim veya coğrafi ad Mufassal defterleri--Haleb.
9 (RLIN) 47830
830 1# - SERİ EK GİRİŞİ - TEKBİÇİM ESER ADI
Tekbiçim Başlık Osmanlı Arşiv Dairesi Başkanlığı Yayın No ;109.
9 (RLIN) 47831
830 1# - SERİ EK GİRİŞİ - TEKBİÇİM ESER ADI
Tekbiçim Başlık Defter-i Hakani Dizisi ;
Volume number/sequential designation XVI.
9 (RLIN) 39462
942 ## - EK GİRİŞ ÖGELERİ (KOHA)
Source of classification or shelving scheme Library of Congress Classification
Koha item type Book
Holdings
Materyal Türü Kalıcı Konum Mevcut Konum Raf Yeri Sınıflandırma Kaynağı Edinim Bilgisi Ana Konular Alt Konular Yer Numarası Cilt Bilgisi Demirbaş Numarası Fatura Tarihi Geri Çekilme Durumu Kayıp Durumu Hasarlı Durumu Kredi için değil Kayıt Tarih Toplam Ödünçverme Son Görülme Tarihi Son Kontrol Tarihi Genel / Bağış Notu
Book Prof. Dr. Azmi Özcan Kütüphanesi Prof. Dr. Azmi Özcan Kütüphanesi Uluğbey Salonu Library of Congress Classification Bağış SOSYAL BİLİMLER Endüstriler, Arazi Kullanımı, İşgücü HD848.Z9 U2 2010 c.1 0023030 02/02/2026         19/10/2010   05/12/2024 05/12/2024 Genel Bağış
Book Prof. Dr. Azmi Özcan Kütüphanesi Prof. Dr. Azmi Özcan Kütüphanesi Uluğbey Salonu Library of Congress Classification Bağış SOSYAL BİLİMLER Endüstriler, Arazi Kullanımı, İşgücü HD848.Z9 U2 2010 c.1 0035320 02/02/2026         09/02/2012   05/12/2024 05/12/2024 Genel Bağış
Book Prof. Dr. Azmi Özcan Kütüphanesi Prof. Dr. Azmi Özcan Kütüphanesi Uluğbey Salonu Library of Congress Classification Bağış SOSYAL BİLİMLER Endüstriler, Arazi Kullanımı, İşgücü HD848.Z9 U2 2010 c.1 0039511 02/02/2026         19/02/2013   05/12/2024 05/12/2024 Genel Bağış